[Event "Challenge"]
[Site "http://www.queenalice.com/game.php?id=1489774"]
[Date "2017.8.12"]
[Round "-"]
[White "sorensen_simon"]
[Black "naugard47"]
[Result "1-0"]
[WhiteElo "1100"]
[BlackElo "1828"]

1. e4 e5 2. Nf3 Nc6 3. Bc4 Nf6 4. Ng5 Qe7 5. Bxf7+ Kd8 6. Bc4 h6 7. Nf7+ Ke8 8.
Nxh8 Nxe4 9. Qh5+ Kd8 10. Nf7+ Ke8 11. Nxh6+ Kd8 12. Nf7+ Ke8 13. Nd6+ Kd8 14.
Nxe4 d6 15. d4 Nxd4 16. Bg5 Nxc2+ 17. Kd2 Nxa1 18. Bxe7+ Bxe7 19. Qh8+ 1-0

[Event "Challenge"]
[Site "http://www.queenalice.com/game.php?id=1489919"]
[Date "2017.8.12"]
[Round "-"]
[White "naugard47"]
[Black "sorensen_simon"]
[Result "0-1"]
[WhiteElo "1796"]
[BlackElo "1100"]

1. e4 e5 2. d4 exd4 3. Qxd4 Nc6 4. Qe3 Nf6 5. h3 b6 6. a3 Bc5 7. Qf4 O-O 8. Nc3
d5 9. Be3 d4 10. O-O-O Bd6 11. Qg5 dxc3 12. f3 cxb2+ 13. Kb1 Qe7 14. Bb5 Na5 15.
Bd4 g6 16. Bxf6 Qe6 17. Bxb2 c5 18. Qh6 f6 19. Ne2 Nc4 20. Bxc4 Qxc4 21. Nc3 Be5
22. Rd3 Be6 23. Rhd1 Bd4 24. Qf4 b5 25. Nd5 a5 26. Bxd4 cxd4 27. Rxd4 Qe2 28. g4
Rac8 29. Ne7+ Kg7 30. Nxc8 Rxc8 31. Rc1 b4 32. Qd6 Kf7 33. Rd3 g5 34. axb4 axb4
35. Qxb4 Qh2 36. Qb2 h6 37. Qa3 Rb8+ 38. Ka1 Qe5+ 39. c3 Kg6 40. h4 gxh4 41. Rh1
Qg5 42. Rd6 Bc4 43. Re1 Qe5 44. Rb1 Rxb1+ 45. Kxb1 h3 46. Rd4 h2 47. Qc1 Qg3 48.
Rd2 Qxf3 49. Rxh2 Qxe4+ 50. Qc2 Bd3 51. Kc1 Bxc2 52. Rxc2 Qxg4 53. c4 Qg1+ 54.
Kb2 Qc5 55. Kc3 f5 56. Rd2 f4 57. Rd5 Qa3+ 58. Kd4 Qe3# 0-1

[Event "Challenge"]
[Site "http://www.queenalice.com/game.php?id=1491902"]
[Date "2017.8.27"]
[Round "-"]
[White "sorensen_simon"]
[Black "naugard47"]
[Result "1-0"]
[WhiteElo "1100"]
[BlackElo "1796"]

1. e4 e5 2. Nc3 a6 3. b3 b5 4. a4 b4 5. Nd5 a5 6. d3 c6 7. Ne3 d6 8. c4 c5 9. g3
Nf6 10. Bh3 Nc6 11. Bxc8 Qxc8 12. f4 Nd4 13. fxe5 dxe5 14. Nf3 h6 15. Nxe5 Be7
16. O-O O-O 17. Nd5 Ra7 18. Be3 Qe6 19. Bxd4 cxd4 20. Nxf6+ Bxf6 21. Nf3 Re7 22.
Nh4 Bxh4 23. gxh4 Qg6+ 24. Kf2 f5 25. Rg1 fxe4+ 26. Ke2 exd3+ 27. Kd2 Re2+ 28.
Qxe2 Qxg1 29. Qe6+ 1-0

[Event "Challenge"]
[Site "http://www.queenalice.com/game.php?id=1492409"]
[Date "2017.8.31"]
[Round "-"]
[White "sorensen_simon"]
[Black "naugard47"]
[Result "0-1"]
[WhiteElo "1100"]
[BlackElo "1796"]

1. e4 e5 2. d3 Nc6 3. c3 a6 4. b4 b5 5. f4 a5 6. Na3 axb4 7. Nxb5 bxc3 8. Nxc3
Bb4 9. Bb2 exf4 10. Qf3 Nd4 11. Qxf4 Nc2+ 12. Kd1 Nxa1 13. Bxa1 f6 14. e5 d6 15.
exd6 Bxd6 16. Qe4+ Be6 17. Qxe6+ Kf8 18. d4 Qe8 19. Qxe8+ Kxe8 20. Bb5+ Kd8 21.
Nh3 Ne7 22. Re1 c6 23. Ne4 Bb4 24. Nc3 Bxc3 25. Bxc3 cxb5 26. Bb4 Re8 27. a3 Nc6
28. Rxe8+ Kxe8 29. Bc5 Rd8 30. g4 Nxd4 31. g5 f5 32. Nf4 Nb3+ 33. Kc2 Nxc5 34.
g6 h6 35. Kc3 Rd6 36. Kb4 Nd3+ 37. Kxb5 Nxf4 38. a4 Ne6 39. a5 Nc7+ 40. Kc5 Kd7
41. h4 f4 0-1

[Event "Challenge"]
[Site "http://www.queenalice.com/game.php?id=1493359"]
[Date "2017.9.7"]
[Round "-"]
[White "naugard47"]
[Black "sorensen_simon"]
[Result "0-1"]
[WhiteElo "1808"]
[BlackElo "1100"]

1. e4 e5 2. Bc4 Nf6 3. d3 c6 4. Nf3 d5 5. Bb3 Bb4+ 6. Bd2 Bxd2+ 7. Nbxd2 Nbd7 8.
h3 O-O 9. Qe2 Re8 10. O-O-O Nc5 11. d4 exd4 12. Nxd4 a5 13. a4 Nfxe4 14. Rhe1
Bd7 15. Qf3 Qh4 16. Nxe4 Rxe4 17. Rxe4 Nxe4 18. Nf5 Qxf2 19. Qxf2 Nxf2 20. Rf1
Ne4 21. g4 Nc5 22. Nd4 Re8 23. Rd1 Re3 24. Rh1 Re4 25. c3 Rxd4 26. cxd4 Nxb3+
27. Kb1 Nxd4 28. Re1 f5 29. Re7 f4 30. Re1 f3 31. Rf1 h5 32. Rd1 c5 33. b3 Nxb3
34. Rd3 f2 35. Rd1 hxg4 36. hxg4 Bxg4 37. Rc1 Nxc1 0-1

[Event "Challenge"]
[Site "http://www.queenalice.com/game.php?id=1494381"]
[Date "2017.9.13"]
[Round "-"]
[White "sorensen_simon"]
[Black "naugard47"]
[Result "1-0"]
[WhiteElo "1100"]
[BlackElo "1808"]

1. e4 e5 2. Nf3 c6 3. Nxe5 f6 4. Nf3 h6 5. e5 f5 6. d4 d5 7. Bd3 Bb4+ 8. c3 Be7
9. b4 b5 10. O-O Be6 11. g3 a5 12. Ba3 axb4 13. Bxb4 Bxb4 14. cxb4 Ne7 15. Na3
Rxa3 16. Qc1 Ra4 17. Qc3 O-O 18. Bc2 f4 19. Bxa4 bxa4 20. Nh4 Bh3 21. Rfb1 g5
22. gxf4 g4 23. Qe3 Nf5 24. Nxf5 Rxf5 25. b5 Qf8 26. Rc1 Rxf4 27. bxc6 Na6 28.
c7 Nxc7 29. Rxc7 Re4 30. Qg3 Qf3 31. Rb1 Qf8 32. Qd3 Qd8 33. Ra7 Qf8 34. Qa6 Kh8
35. Qf6+ Qxf6 36. exf6 Rf4 37. Rb8# 1-0

[Event "Challenge"]
[Site "http://www.queenalice.com/game.php?id=1495043"]
[Date "2017.9.18"]
[Round "-"]
[White "naugard47"]
[Black "sorensen_simon"]
[Result "0-1"]
[WhiteElo "1808"]
[BlackElo "1100"]

1. e4 e5 2. Nf3 Nc6 3. Nc3 d6 4. d4 exd4 5. Nxd4 Nxd4 6. Qxd4 Nf6 7. h3 c5 8.
Qd1 Be7 9. Be3 O-O 10. Qe2 Bd7 11. O-O-O b5 12. Bg5 b4 13. Nd5 Nxd5 14. Bxe7
Nxe7 15. Rxd6 Nc8 16. Rd2 Qg5 17. Kb1 Nb6 18. Qe3 Qxe3 19. fxe3 Rae8 20. g4 Rxe4
21. Re2 Rfe8 22. Rhh2 Bb5 23. Re1 Bxf1 24. Rxf1 Rxe3 25. Rhh1 Nc4 26. Kc1 Ne5
27. Rd1 c4 28. b3 cxb3 29. axb3 a5 30. Kb2 a4 31. bxa4 Nc4+ 32. Kc1 Ra3 33. c3
b3 34. Kb1 Ra2 0-1

[Event "Challenge"]
[Site "http://www.queenalice.com/game.php?id=1496618"]
[Date "2017.9.27"]
[Round "-"]
[White "sorensen_simon"]
[Black "naugard47"]
[Result "1-0"]
[WhiteElo "1100"]
[BlackElo "1789"]

1. e4 e5 2. Nf3 Nc6 3. c3 h6 4. d4 exd4 5. cxd4 d5 6. exd5 Qxd5 7. Nc3 Qd8 8.
Bb5 Bd7 9. d5 Na5 10. Qe2+ Be7 11. Bxd7+ Qxd7 12. b4 Nf6 13. bxa5 O-O 14. Qc4
Bd6 15. O-O a6 16. Bf4 b5 17. axb6 cxb6 18. Bxd6 Qxd6 19. Ne4 b5 20. Nxf6+ Qxf6
21. Qd4 Qxd4 22. Nxd4 Rad8 23. Nc6 Rxd5 24. Ne7+ 1-0

[Event "Challenge"]
[Site "http://www.queenalice.com/game.php?id=1497153"]
[Date "2017.10.1"]
[Round "-"]
[White "naugard47"]
[Black "sorensen_simon"]
[Result "0-1"]
[WhiteElo "1789"]
[BlackElo "1100"]

1. e4 e5 2. Bc4 Nf6 3. d3 c6 4. Bg5 b5 5. Bxf6 Qxf6 6. Bb3 Bb4+ 7. c3 Qg5 8. g3
Bc5 9. Nf3 Qe7 10. a3 a5 11. a4 b4 12. c4 d6 13. h3 O-O 14. Nbd2 f5 15. Qe2 Qf6
16. O-O-O Ra7 17. Rdg1 fxe4 18. dxe4 Na6 19. g4 Nc7 20. g5 Qg6 21. h4 Ne6 22.
Qf1 Nf4 23. Nh2 Bh3 24. Qd1 Nd3+ 25. Kb1 Nxf2 26. Qe2 Nxh1 27. Rxh1 Rf2 28. Qd3
Rxd2 29. Qxd2 Qxe4+ 30. Ka2 Qxh1 31. Bc2 Rf7 32. Bd1 Rf2 33. Be2 Rxh2 34. Qd1
Qxd1 35. Bxd1 e4 36. h5 e3 37. h6 d5 38. cxd5 cxd5 39. hxg7 d4 40. Bf3 d3 41.
Be4 e2 42. Bxh7+ Kxg7 43. Bxd3 e1=Q 44. Kb3 Be6+ 45. Bc4 Qc3+ 46. bxc3 Bg4 47.
cxb4 Rh3+ 48. Kb2 Bxb4 49. Bb3 Kg6 50. Bc2+ Kxg5 51. Bb3 Kf4 52. Bc2 Ke3 53. Kb3
Kd4+ 54. Kb2 Be6 55. Kb1 Kc3 56. Bd1 Kd2 57. Bc2 Bb3 58. Bxb3 Rxb3+ 59. Ka2 Kc2
60. Ka1 Ra3# 0-1

[Event "Challenge"]
[Site "http://www.queenalice.com/game.php?id=1498774"]
[Date "2017.10.13"]
[Round "-"]
[White "sorensen_simon"]
[Black "naugard47"]
[Result "1-0"]
[WhiteElo "1100"]
[BlackElo "1752"]

1. e4 e5 2. Nf3 d6 3. d4 Bg4 4. dxe5 Bxf3 5. gxf3 dxe5 6. Qxd8+ Kxd8 7. Nc3 Bb4
8. Bd2 a6 9. O-O-O Ne7 10. Nd5 Nxd5 11. Bxb4 c6 12. exd5 Ke8 13. d6 Nd7 14. f4
f6 15. Bh3 c5 16. Bxd7+ Kxd7 17. Bxc5 Rhe8 18. Rhg1 g6 19. f5 g5 20. h4 h6 21.
hxg5 hxg5 22. Rh1 Rac8 23. Rh7+ Kc6 24. d7 Kxc5 25. dxe8=Q Rxe8 26. Rxb7 Kc6 27.
Rb3 Kc7 28. Rc3+ Kb8 29. Rd6 Kb7 30. Rxf6 e4 31. Re6 Rf8 32. f6 g4 33. Re7+ Kb8
34. f7 a5 35. Re3 Kc8 36. R3xe4 Kd8 37. Re8+ 1-0

[Event "Challenge"]
[Site "http://www.queenalice.com/game.php?id=1505069"]
[Date "2017.11.23"]
[Round "-"]
[White "sorensen_simon"]
[Black "naugard47"]
[Result "1-0"]
[WhiteElo "1176"]
[BlackElo "1736"]

1. e4 e5 2. Nf3 d6 3. d4 exd4 4. Nxd4 a6 5. Bc4 c5 6. Nf5 Qf6 7. Qd5 g6 8. Bd2
gxf5 9. Bc3 Qe6 10. Bxh8 Qxe4+ 11. Qxe4+ fxe4 12. Nc3 Be6 13. Bxe6 fxe6 14. Nxe4
Nc6 15. Ng5 e5 16. Nxh7 Be7 17. O-O-O O-O-O 18. h4 Nh6 19. Bf6 Ng4 20. Bxe7 Nxe7
21. Rd2 d5 22. f3 Ne3 23. Ng5 d4 24. Nf7 Rd5 25. h5 Nc4 26. Re2 d3 27. cxd3 Rxd3
28. h6 Re3 29. Rxe3 Nxe3 30. h7 Ng6 31. Rh6 Nxg2 32. Rxg6 Nf4 33. h8=Q+ 1-0

[Event "Challenge"]
[Site "http://www.queenalice.com/game.php?id=1506996"]
[Date "2017.12.6"]
[Round "-"]
[White "naugard47"]
[Black "sorensen_simon"]
[Result "0-1"]
[WhiteElo "1707"]
[BlackElo "1176"]

1. e4 e5 2. Bc4 Nf6 3. Nc3 Nxe4 4. Bxf7+ Kxf7 5. Nxe4 d5 6. Qf3+ Kg8 7. Ng3 Nc6
8. c3 e4 9. Qd1 b5 10. a3 Qg5 11. N1e2 Qe5 12. O-O Nd8 13. d4 exd3 14. Nd4 c5
15. Re1 Qc7 16. Nxb5 Qc6 17. a4 a6 18. Na3 c4 19. Nf1 Bxa3 20. bxa3 Bd7 21. Ne3
Be6 22. g3 Qd7 23. Ng2 d4 24. Bb2 dxc3 25. Bxc3 Rb8 26. Nf4 Bf7 27. Bxg7 Kxg7
28. Nh5+ Kf8 29. Nf6 Qd4 30. Ne4 c3 31. Qf3 c2 32. Nd2 Kg7 33. Rac1 Re8 34. h4
Rxe1+ 35. Rxe1 Rc8 36. Rc1 Qb2 37. Qg4+ Bg6 38. Re1 c1=Q 0-1

[Event "Challenge"]
[Site "http://www.queenalice.com/game.php?id=1513459"]
[Date "2018.1.25"]
[Round "-"]
[White "sorensen_simon"]
[Black "naugard47"]
[Result "1-0"]
[WhiteElo "1176"]
[BlackElo "1723"]

1. e4 e5 2. Nc3 a6 3. Nf3 Nc6 4. d4 exd4 5. Nxd4 Nxd4 6. Qxd4 d6 7. Be3 f6 8.
O-O-O Bd7 9. h3 Be6 10. Bc4 Qe7 11. Bxe6 Qxe6 12. Qd5 Qxd5 13. Nxd5 O-O-O 14.
Rd3 Ne7 15. Nxe7+ Bxe7 16. Kb1 h5 17. Rhd1 h4 18. Rb3 Rh5 19. f4 f5 20. Rd5 g6
21. exf5 Rxf5 22. Rxf5 gxf5 23. Bf2 d5 24. g3 Rh8 25. Re3 hxg3 26. Rxg3 Bh4 27.
Bd4 Bxg3 28. Bxh8 Bxf4 29. h4 Bh6 30. c3 a5 31. Kc2 c5 32. a4 Kd7 33. Kd3 c4+
34. Kc2 Ke7 35. Bd4 f4 36. Kd2 f3+ 37. Ke1 Bf4 38. Kf2 Bc1 39. Kxf3 Kf7 40. Kg4
Kg8 41. Kf5 Kf7 42. h5 Bh6 43. Ke5 Bc1 44. Kxd5 Bxb2 45. Kxc4 Ba3 46. Kb5 Bb4
47. cxb4 axb4 48. Kxb4 Kg8 49. h6 1-0

[Event "Let's Play Chess!"]
[Site "http://www.queenalice.com/game.php?id=1519079"]
[Date "2018.3.10"]
[Round "-"]
[White "paolop69"]
[Black "sorensen_simon"]
[Result "0-1"]
[WhiteElo "1722"]
[BlackElo "1201"]

1. e4 Nf6 2. d3 e5 3. h3 Nc6 4. c3 b6 5. a3 a5 6. Be2 Bc5 7. Nf3 d6 8. Bg5 O-O
9. Nbd2 a4 10. Qc1 Be6 11. b4 axb3 12. c4 h6 13. Bxf6 Qxf6 14. Nxb3 Nd4 15.
Nfxd4 Bxd4 16. Nxd4 exd4 17. g3 Qe5 18. f4 Qa5+ 19. Qd2 Qc3 20. Qxc3 dxc3 21.
Kd1 f5 22. Kc2 fxe4 23. Kxc3 exd3 24. Bxd3 Ra4 25. Be2 Rfa8 26. Bf3 Rxa3+ 27.
Rxa3 Rxa3+ 28. Kd4 Rxf3 29. h4 Rxg3 30. Re1 c5+ 31. Ke4 Bxc4 32. f5 d5+ 33. Ke5
d4 34. Rc1 Rc3 35. Ra1 d3 36. Ra8+ Kf7 37. Ra7+ Ke8 38. f6 gxf6+ 39. Kxf6 d2 40.
Ra8+ Kd7 41. Ra7+ Kc6 0-1

[Event "Let's Play Chess!"]
[Site "http://www.queenalice.com/game.php?id=1521957"]
[Date "2018.4.2"]
[Round "-"]
[White "charles31"]
[Black "sorensen_simon"]
[Result "0-1"]
[WhiteElo "1670"]
[BlackElo "1201"]

1. e4 Nf6 2. Nc3 e5 3. Bc4 Nxe4 4. Nxe4 d5 5. Bb5+ c6 6. Ba4 dxe4 7. Qe2 b5 8.
Bb3 Bf5 9. a3 Nd7 10. f3 Nc5 11. Ba2 Qg5 12. d4 exd3 13. Qxe5+ Qe7 14. Qxe7+
Bxe7 15. cxd3 Nxd3+ 16. Ke2 Bc5 17. Be3 Bxe3 18. Kxe3 Nxb2 19. Ne2 Nc4+ 20. Bxc4
bxc4 21. Rac1 Be6 22. Nd4 Bd5 23. Rhe1 O-O 24. Kf2 Rfe8 25. Ne2 a5 26. Rcd1 a4
27. Nc3 Rxe1 28. Rxe1 Kf8 29. Rb1 Ke7 30. Rb4 f5 31. g3 Be6 32. f4 Rd8 33. Rxa4
Rd3 34. Ne2 c3 35. Ra7+ Kd6 36. Ra8 c2 37. Rd8+ Bd7 38. a4 Kc7 39. Rf8 Rd2 40.
Kf3 Rxe2 41. Kxe2 c1=Q 0-1